000 003870000a22001450004500
041 0 _aSPA
082 0 4 _aG 819.91 G7991n
100 1 _aGreene, Graham
245 1 0 _aNuestro hombre en la Habana / Graham Greene ; Marisa Martínez, Traductor
260 _aBarcelona, Espaá : Bruguera
300 _a255 Pag
500 _aTitulo original : Our man in Havanna
001 10879
942 _cBK
999 _c40299
_d40299